Vista normal
Vista MARC
Entrada Materia (tema)
Número de registros utilizados en: 1
001 - CONTROL NUMBER
- control field: 59217
003 - CONTROL NUMBER IDENTIFIER
- control field: Co-BoUCM
005 - DATE AND TIME OF LATEST TRANSACTION
- control field: 20140331143103.0
008 - FIXED-LENGTH DATA ELEMENTS
- fixed length control field: 140331|| aca||aabn | a|a d
040 ## - CATALOGING SOURCE
- Original cataloging agency: Co-BoUCM
- Transcribing agency: Co-BoUCM
150 ## - HEADING--TOPICAL TERM
- Topical term or geographic name as entry element: Corporations
- General subdivision: Finance
- General subdivision: Law and legislation
- Geographic subdivision: England
670 ## - SOURCE DATA FOUND
- Source citation: Work cat.: (Co-BoUCM)239953: Morris, Glynis D. 59216, Finance director's handbook, 2009